[Event "Loire-ch Top20 1314"]
[Site "Loire"]
[Date "2014.01.18"]
[Round "5"]
[White "Bastien, Daniel"]
[Black "Aumont Mathieu, Georges"]
[Result "1-0"]
[WhiteElo "1630"]
[BlackElo "1770"]
[PlyCount "47"]
[EventDate "2014.09.21"]
[EventType "swiss"]
[EventRounds "9"]
[EventCountry "FRA"]
[SourceTitle "EXT 2015"]
[Source "ChessBase"]
[SourceDate "2014.11.20"]
[SourceVersion "1"]
[SourceVersionDate "2014.11.20"]
[SourceQuality "1"]

1. c4 Nf6 2. Nc3 e6 3. Nf3 Bb4 4. Qb3 c5 5. Nb5 d6 6. g3 Nc6 7. Bg2 a6 8. Nc3 Na5 9. Qc2 Nxc4 10. a3 Qa5 11. Na2 d5 12. axb4 cxb4 13. b3 Nd6 14. Bb2 Qb5 15. Bxf6 gxf6 16. d3 Bd7 17. 0-0 Rc8 18. Qd2 f5 19. Rfc1 Ke7 20. Rxc8 Rxc8 21. Rc1 Bc6 22. Nd4 Qb6 23. Qe3 Kf8 24. Nxe6+ 1-0

[Event "Loire-ch Top20 1314"]
[Site "Loire"]
[Date "2013.11.09"]
[Round "3"]
[White "Buisine, Roman"]
[Black "Bastien, Daniel"]
[Result "1-0"]
[WhiteElo "1688"]
[BlackElo "1670"]
[PlyCount "79"]
[EventDate "2014.09.21"]
[EventType "swiss"]
[EventRounds "9"]
[EventCountry "FRA"]
[SourceTitle "EXT 2015"]
[Source "ChessBase"]
[SourceDate "2014.11.20"]
[SourceVersion "1"]
[SourceVersionDate "2014.11.20"]
[SourceQuality "1"]

1. e4 d6 2. d4 g6 3. g3 Bg7 4. Bg2 c6 5. Ne2 Nf6 6. 0-0 0-0 7. f4 Bg4 8. h3 Bxe2 9. Qxe2 Na6 10. c3 Nc7 11. Kh2 Nd7 12. Nd2 Re8 13. e5 d5 14. Nf3 Rf8 15. Be3 e6 16. g4 f5 17. Ng5 Bh6 18. h4 Bxg5 19. fxg5 Qe7 20. Rh1 Rae8 21. Bf3 f4 22. Bd2 Rf7 23. Raf1 Ref8 24. Kg2 Rg7 25. Rf2 Nb6 26. b3 Qa3 27. Bc1 Qe7 28. Qd3 Qf7 29. Bd1 Qe7 30. Rhf1 Rgf7 31. Bxf4 Nd7 32. Bc2 Rg7 33. Rf3 Qe8 34. Rh1 Qf7 35. h5 gxh5 36. gxh5 Qf5 37. Qxf5 exf5 38. g6 Re7 39. Bg5 Ree8 40. Bxf5 1-0